[Event "Landesliga U20 Nord 1011"]
[Site "Bayern"]
[Date "2010.12.04"]
[Round "2.1"]
[White "Stoeckl, Josef"]
[Black "Weber, Daniel"]
[Result "0-1"]
[WhiteElo "1653"]
[BlackElo "1796"]
[PlyCount "86"]
[EventDate "2010.10.16"]
[EventType "team-tourn"]
[EventRounds "7"]
[EventCountry "GER"]
[SourceTitle "EXT 2022"]
[Source "ChessBase"]
[SourceDate "2021.10.06"]
[SourceVersion "1"]
[SourceVersionDate "2021.10.06"]
[SourceQuality "1"]
[WhiteTeam "Dietfurt U20"]
[BlackTeam "Bechhofen U20"]
[WhiteTeamCountry "GER"]
[BlackTeamCountry "GER"]

1. e4 e6 2. d4 d5 3. Nd2 Nf6 4. e5 Nfd7 5. Ngf3 c5 6. Nb3 Nc6 7. Bf4 Be7 8. c3 b6 9. Bd3 c4 10. Bc2 cxb3 11. axb3 a5 12. 0-0 Ba6 13. Re1 Nf8 14. Nd2 Bg5 15. Qg4 Bxf4 16. Qxf4 Ng6 17. Bxg6 hxg6 18. Re3 Qh4 19. Qxh4 Rxh4 20. Nf3 Rh8 21. Ng5 Ke7 22. Rae1 a4 23. Rf3 Nd8 24. b4 Bc4 25. Ra1 Rh5 26. Rg3 Nc6 27. f4 Ra6 28. Rf3 Rh8 29. g4 Rha8 30. f5 gxf5 31. gxf5 Nd8 32. f6+ gxf6 33. exf6+ Kd6 34. Kf2 a3 35. bxa3 Rxa3 36. Rxa3 Rxa3 37. h4 Ra2+ 38. Kg3 Ra1 39. Kg2 Be2 40. h5 Bxf3+ 41. Nxf3 Nc6 42. h6 Ra8 43. Ng5 Rg8 0-1